|
|
|
|
| LEADER |
00000nam a2200000 a 4500 |
| 001 |
vtls001561184 |
| 003 |
SK-MaSNL |
| 005 |
20260302073954.0 |
| 008 |
240315s2005 xo f blf 000 0 slo |
| 015 |
|
|
|a SNBA2005/11-04793
|
| 020 |
|
|
|a 8080576386
|q (viaz.)
|
| 035 |
|
|
|a D67EDD62-7A1A-4DED-967A-B12E63D1120B
|
| 035 |
|
|
|a urn:nbn:sk:snk-aml4nd
|
| 035 |
|
|
|a urn:nbn:sk:snk-am008whr
|
| 040 |
|
|
|a SNK
|b slo
|c SNK
|e AACR2
|
| 041 |
0 |
|
|a slo
|
| 043 |
|
|
|a e-xo---
|
| 044 |
|
|
|a xo
|c SK
|
| 072 |
|
7 |
|a 347
|x Súkromné právo
|2 konspekt
|
| 080 |
|
|
|a 17
|2 MDT-MRF
|
| 080 |
|
|
|a (437.6)
|2 MDT-MRF
|
| 080 |
|
|
|a (035)
|2 MDT-MRF
|
| 080 |
|
|
|a 347
|2 MDT-MRF
|
| 100 |
1 |
|
|a Čečotová, Vlasta
|4 aut
|9 642090
|
| 245 |
1 |
0 |
|a Dobré mravy v slovenskom súkromnom práve
|c Vlasta Čečotová
|
| 250 |
|
|
|a [1. vyd.]
|
| 260 |
|
|
|a Bratislava
|b Epos
|c 2005
|
| 300 |
|
|
|a 223 s.
|c 21 cm
|
| 500 |
|
|
|a Obsahuje skratky
|
| 504 |
|
|
|a Bibliografia s. 214-222
|
| 650 |
0 |
7 |
|a súkromné právo
|z Slovensko
|2 SNKPH
|9 739017
|
| 650 |
0 |
7 |
|a etické a morálne aspekty
|2 SNKPH
|9 3843
|
| 655 |
|
7 |
|a príručky
|2 SNKPH
|9 74364
|
| 919 |
|
|
|a 80-8057-638-6
|
| 968 |
|
|
|d 34
|
| 999 |
|
|
|c 1163091
|d 1165021
|
| 952 |
|
|
|a SNK
|b SNK
|y PREZ
|7 0
|p 17A0465929
|o snkSC 119656
|i snk2005/6677
|8 0
|0 0
|1 0
|4 0
|d 2005-04-21
|f 1
|l 0
|r 2025-05-28 00:00:00
|w 2026-02-24
|
| 952 |
|
|
|a SNK
|b SNK
|y VYP
|7 0
|p 17A0465928
|o snkSC 119656 D1
|i snk2005/6678
|8 0
|0 0
|1 0
|4 0
|d 2005-04-21
|l 0
|r 2026-02-24 20:39:34
|w 2026-02-24
|